Catálogo

Boletín n.4 informe de auditoría integral : (Registro nro. 52620)

Detalles MARC
000 -LEADER
fixed length control field 00916cam a2200265 i 4500
001 - CONTROL NUMBER
control field 52620
003 - CONTROL NUMBER IDENTIFIER
control field Mx-PuUPA
005 - DATE AND TIME OF LATEST TRANSACTION
control field 20221205113554.0
008 - FIXED-LENGTH DATA ELEMENTS--GENERAL INFORMATION
fixed length control field 140415s1997 mx r 000 0 spa d
020 ## - INTERNATIONAL STANDARD BOOK NUMBER
International Standard Book Number 9684554575
040 ## - CATALOGING SOURCE
Original cataloging agency MX-PuUPA
Language of cataloging spa
Description conventions rda
Transcribing agency Mx-PuUPA
Modifying agency Mx-PuUPA
041 0# - LANGUAGE CODE
Language code of text/sound track or separate title spa
130 1# - MAIN ENTRY--UNIFORM TITLE
Uniform title Informe.
Form subheading Academia Mexicana de Auditoría Integral
245 10 - TITLE STATEMENT
Title Boletín n.4 informe de auditoría integral :
Remainder of title Comisión de Normas y Procedimientos de la Academia Mexicana de Auditoria Integral.
250 ## - EDITION STATEMENT
Edition statement Primera edición /
Remainder of edition statement junio
264 #1 - PRODUCTION, PUBLICATION, DISTRIBUTION, MANUFACTURE, AND COPYRIGHT NOTICE
Place of production, publication, distribution, manufacture México D.F. :
Name of producer, publisher, distributor, manufacturer Dofiscal Editores,
Date of production, publication, distribution, manufacture, or copyright notice 1997
300 ## - PHYSICAL DESCRIPTION
Extent 33 páginas ;
Dimensions 23 cm.
336 ## - CONTENT TYPE
Content type term texto
Fuente rdacontent
Content type code txt
337 ## - MEDIA TYPE
Media type term sin mediación
Source rdamedia
Media type code n
338 ## - CARRIER TYPE
Carrier type term volumen
Source rdacarrier
Carrier type code nc
650 #7 - SUBJECT ADDED ENTRY--TOPICAL TERM
Topical term or geographic name entry element Contabilidad
General subdivision Auditoría
Source of heading or term armarc
942 ## - ADDED ENTRY ELEMENTS (KOHA)
Source of classification or shelving scheme Dewey Decimal Classification
Koha item type Libro
Classification part 657.45
Item part I43
Existencias
Withdrawn status Lost status Source of classification or shelving scheme Damaged status Not for loan Collection code Home library Current library Shelving location Date acquired Source of acquisition Total Checkouts Full call number Barcode Price effective from Koha item type
Descarte   Dewey Decimal Classification   Consulta en sala Referencia Biblioteca Karol Wojtyla Biblioteca Karol Wojtyla Referencia 19/06/2018 Compra   657.45 INF 1997 59932 10/07/2018 Folleto
    Dewey Decimal Classification     General Biblioteca Karol Wojtyla Biblioteca Karol Wojtyla Sala general 03/12/2013 Compra   657.452 ACA 1997 78168 17/11/2016 Libro
    Dewey Decimal Classification   Consulta en sala Referencia Biblioteca Karol Wojtyla Biblioteca Karol Wojtyla Referencia 17/11/2016 Compra   457.45 INF 1997 96353 10/07/2018 Folleto